Xúc tác trên cơ sở kim loại trong phản ứng epoxy hoá dầu đậu nành /

Enregistré dans:
Détails bibliographiques
Auteur principal: Nguyễn Thị Thủy.
Autres auteurs: Nguyễn Thanh Liêm., Phan Ngọc Quý., Vũ Minh Đức.
Format: Article
Langue:Vietnamese
Sujets:
Tags: Ajouter un tag
Pas de tags, Soyez le premier à ajouter un tag!
Thư viện lưu trữ: Thư viện Trường Đại học Đà Lạt
LEADER 00940nam a2200313 4500
001 DLU180184502
005 ##20180418
040 # # |a DLU  |b vie 
041 # # |a vie 
044 # # |a vn 
100 # # |a Nguyễn Thị Thủy. 
245 # # |a Xúc tác trên cơ sở kim loại trong phản ứng epoxy hoá dầu đậu nành /  |c Nguyễn Thị Thủy, ... [và những người khác]. 
653 # # |a Metal catalyst 
653 # # |a Soybean oil 
653 # # |a Tungsten 
653 # # |a Vegetable oil epoxidation 
700 # # |a Nguyễn Thanh Liêm. 
700 # # |a Phan Ngọc Quý. 
700 # # |a Vũ Minh Đức. 
773 # # |t Hóa học  |g Số 4, 2015, tr. 515-519 
920 # # |a Phòng Tạp chí -- Trung tâm Thông tin - Thư viện Trường Đại học Đà Lạt 
994 # # |a DLU 
900 # # |a True 
911 # # |a Hoàng Thị Huyền 
925 # # |a G 
926 # # |a A 
927 # # |a BB 
980 # # |a Thư viện Trường Đại học Đà Lạt